Riconosci la provincia dal comune - Statistics

Statistiche generali
  • Questo quiz è stato fatto 283 volte
  • Il punteggio medio è 14 su 20
Statistiche sulle risposte
Hint Risposta % Corretto
Quartu Sant'Elena Cagliari
89%
Cinisello Balsamo Milano
83%
Otranto Lecce
82%
Gela Caltanissetta
80%
Marsala Trapani
79%
Giugliano Napoli
78%
Carpi Modena
77%
Fano Pesaro-Urbino
77%
Rapallo Genova
76%
Battipaglia Salerno
71%
Foligno Perugia
67%
Orvieto Terni
67%
Vieste Foggia
66%
Aprilia Latina
64%
Sulmona L'Aquila
63%
Guidonia Roma
62%
Busto Arsizio Varese
62%
Bobbio Piacenza
56%
Cento Ferrara
55%
Adria Rovigo
50%
Nessun quiz corrispondente trovato
Distribuzione punteggi
Percentuale di utenti per punteggio
Percentile per numero di risposta
I tuoi punteggi nel tempo
Non hai fatto questo quiz